000 00511nam a2200217Ia 4500
003 OSt
005 20220924140516.0
006 a|||||r|||| 00| 0
007 ta
008 220923b |||||||| |||| 00| 0 ben d
024 _a295439
037 _cTextual
040 _aARTS
_cARTS
_bben
041 _2ben
_aben
082 _aO157,3M91,1, G5
245 0 _aBhaktimati
260 _c1935
650 _aBENGALI LITERATURE
942 _hO157,3M91,1, G5
_cTEXL
_2CC
999 _c444599
_d444599